European countries & airlines #2 - Statistics

General Stats
  • This quiz has been taken 92 times
  • The average score is 10 of 15
Answer Stats
Country Airline % Correct
Netherlands KLM
96%
Switzerland Swiss
93%
Turkey Turkish Airlines
87%
Russia Aeroflot
83%
Austria Austrian airlines
83%
Spain Iberia
83%
Italy ITA Airways
75%
Portugal TAP
68%
Belgium Brussels airlines
65%
Hungary Wizzair
60%
Malta Air Malta (Ryanair)
57%
Latvia Air Baltic
48%
Luxembourg Luxair
43%
Romania TAROM
41%
Belarus Belavia
33%
No matching quizzes found
Score Distribution
Percent of People with Each Score
Percentile by Number Answered
Your Score History
You have not taken this quiz